01296nam a2200289Ia 450000500170000000800410001702000190005808200170007710000330009424501800012725000190030730000430032649000370036950502300040665000490063665000420068565000320072770000360075970000350079594200120083026400260084233600270086833700330089533800280092804000350095699900150099120220317000945.0160825s2007 sp a g 000 0 spa  a9788487330701204a792.82bV31a1 aViciana Garófano, Virginia14aLas actividades coreográficas en la escuelabdanzas, bailes, funky, gimnasia-jazzcVirginia Viciana Garófano, Milagros Arteaga Checa ; ilustraciones José Alberto López a4a. edición  a243 páginas bilustraciones c24 cm  aColección educación física aFundamentos teóricos ; Fundamentos rítmicos en el tratamiento de las propuestas coreográficas ; Intervención educativa en el tratamiento de las propuestas coreográficas ; Actividades coreográficas:danzas creativas142LEMBaCoreografía xEnseñanza elemental 142LEMB aDanza xEnseñanza elemental 142LEMB aExpresión corporal1 aArteaga Checa, Milagros 9106351 aLópez, José Alberto963597 2ddccBK aBarcelonabINDEc2007 atextobtxt2rdacontent asin mediaciónbn2rdamedia avolumenbnc2rdacarrier aCO-BoRNBPbspaerdacCO-BoRNBP c5516d5516